LEADER 05853nam 22008175 450 001 996500670903316 005 20240610215841.0 010 $a3-11-073337-4 024 7 $a10.1515/9783110733372 035 $a(CKB)5580000000489459 035 $a(DE-B1597)575104 035 $a(DE-B1597)9783110733372 035 $a(MiAaPQ)EBC7147783 035 $a(Au-PeEL)EBL7147783 035 $a(OCoLC)1354207824 035 $a(OCoLC)1353269722 035 $a(MiAaPQ)EBC30509383 035 $a(Au-PeEL)EBL30509383 035 $a(EXLCZ)995580000000489459 100 $a20221205h20222023 fg 101 0 $ager 135 $aur||#|||||||| 181 $ctxt$2rdacontent 182 $cc$2rdamedia 183 $acr$2rdacarrier 200 00$aBildwelten des Wissens $eKunsthistorisches Jahrbuch für Bildkritik$hBand 18$iMUSEALE RESTE /$fhrsg. von Nina Samuel, Felix Sattler 205 $a1st ed. 210 1$aBerlin ;$aBoston :$cDe Gruyter,$d[2022] 210 4$d©2023 215 $a1 online resource (118 p.) 225 0 $aBildwelten des Wissens ;$vBand 18 311 $a3-11-073824-4 327 $tFrontmatter --$tPictures --$tInhalt --$tEditorial --$tSighting the Dust: Attending to the Museum through its Residues --$tRemain Human: Zum Umgang mit menschlichen Überresten im Lautarchiv --$tFringe Objects: Cultivating Residues at the Museum --$tWiedergelesen --$tMary Douglas: Purity and Danger. An Analysis of the Concepts of Pollution and Taboo --$tSpencer?s Ghost: The Decolonial Afterlife of a Postcolonial Museum Prop --$tProjektvorstellung --$tRuin in Reverse. A Design Inquiry Guided by the Materiality of the Rubble --$tProjektvorstellung --$tToxische Überreste des Sammelns --$tResteverwertung: zeitgenössische Kunst und das, was übrig bleibt --$tBilder als Typen. Digitalfotografie der Fliege Marleyimyia xylocopae (2014) --$tResidues of Cultural Significance: The Bakor Monoliths --$tRezension --$tFernando Domínguez Rubio: Still Life. Ecologies of the Modern Imagination at the Art Museum, Chicago/London 2020 --$tProjektvorstellung --$tReflexion über das Randständige --$tBildnachweis --$tAutorinnen und Autoren 330 $aRemnants are a challenge for the museum as an institution. They are ambiguous figures, and their attributions open up and thus contribute to transcending the taxonomic, disciplinary, architectural, and institutional boundaries of museums. They can be found everywhere?in exhibition spaces as well as storage depots, and in laboratories just as in the administration. In each of these contexts, there are respectively different forms of professional self-conception, knowledge, and practical handling that determine the status of remnants. The volume contributes to specifying terms such as remnant, trash, traces, and boundaries more precisely within the context of the museum and to reassessing them for debates in conservation, curating, art history, and museum anthropology. 330 $aReste fordern die Institution des Museums heraus. Es sind Kippfiguren, die Zuschreibungen öffnen und damit an Überschreitungen der taxonomischen, disziplinären, architektonischen und institutionellen Grenzen des Museums mitarbeiten. Sie sind überall anzutreffen ? im Ausstellungsraum genauso wie im Depot, im Labor genauso wie in der Verwaltung. In jedem dieser Kontexte stehen jeweils andere Formen des professionellen Selbstverständnisses, des Wissens und des praktischen Umgangs zur Verfügung, die den Status von Resten determinieren. Der Band trägt dazu bei, Begriffe wie Rest, Abfall, Spuren, Ränder im Kontext des Museums zu präzisieren und für Debatten in Konservierung, Kuration, Kunstgeschichte und Museumsanthropologie neu zu bewerten. 606 $aART / Conservation & Preservation$2bisacsh 610 $aRemnant. 610 $aconservation. 610 $acuration. 610 $aimage studies. 610 $amatter. 610 $amuseum. 610 $aobjects. 615 7$aART / Conservation & Preservation. 676 $a069/.5 702 $aCaviezel$b Flavia$4ctb$4https://id.loc.gov/vocabulary/relators/ctb 702 $aChristopher$b Li$4ctb$4https://id.loc.gov/vocabulary/relators/ctb 702 $aDeSilvey$b Caitlin$4ctb$4https://id.loc.gov/vocabulary/relators/ctb 702 $aEgger$b Marie$4ctb$4https://id.loc.gov/vocabulary/relators/ctb 702 $aGineprini$b Lorenzo$4ctb$4https://id.loc.gov/vocabulary/relators/ctb 702 $aGräfe$b Sophia$4ctb$4https://id.loc.gov/vocabulary/relators/ctb 702 $aGrünfeld$b Martin$4ctb$4https://id.loc.gov/vocabulary/relators/ctb 702 $aHoffmann$b Raphael$4ctb$4https://id.loc.gov/vocabulary/relators/ctb 702 $aKowal$b Emma$4ctb$4https://id.loc.gov/vocabulary/relators/ctb 702 $aLowe$b Adam$4ctb$4https://id.loc.gov/vocabulary/relators/ctb 702 $aMacdonald$b Sharon$4ctb$4https://id.loc.gov/vocabulary/relators/ctb 702 $aMalanski$b Andrea$4ctb$4https://id.loc.gov/vocabulary/relators/ctb 702 $aMatyssek$b Angela$4ctb$4https://id.loc.gov/vocabulary/relators/ctb 702 $aMilitz$b Marlene$4ctb$4https://id.loc.gov/vocabulary/relators/ctb 702 $aNasyrova$b Ana$4ctb$4https://id.loc.gov/vocabulary/relators/ctb 702 $aSamuel$b Nina$4edt$4http://id.loc.gov/vocabulary/relators/edt 702 $aSattler$b Felix$4edt$4http://id.loc.gov/vocabulary/relators/edt 702 $aSaumarez Smith$b Ferdinand$4ctb$4https://id.loc.gov/vocabulary/relators/ctb 702 $aWiedemeyer$b Nina$4ctb$4https://id.loc.gov/vocabulary/relators/ctb 712 02$aMatters of Activity. Image Space Material$4fnd$4http://id.loc.gov/vocabulary/relators/fnd 801 0$bDE-B1597 801 1$bDE-B1597 906 $aBOOK 912 $a996500670903316 996 $aBildwelten des Wissens$92068380 997 $aUNISA LEADER 03276nam 22006975 450 001 9910261109703321 005 20250721201500.0 010 $a9783110921588 010 $a3110921588 024 7 $a10.1515/9783110921588 035 $a(CKB)3390000000034654 035 $a(SSID)ssj0001055769 035 $a(PQKBManifestationID)11606003 035 $a(PQKBTitleCode)TC0001055769 035 $a(PQKBWorkID)11014544 035 $a(PQKB)10937268 035 $a(MiAaPQ)EBC3043578 035 $a(DE-B1597)52651 035 $a(OCoLC)1013962768 035 $a(OCoLC)853268774 035 $a(DE-B1597)9783110921588 035 $a(oapen)https://directory.doabooks.org/handle/20.500.12854/61938 035 $a(Perlego)1160178 035 $a(oapen)doab61938 035 $a(BIP)30772018 035 $a(BIP)28593728 035 $a(EXLCZ)993390000000034654 100 $a20190906d2013 fg 0 101 0 $ager 135 $aurcnu|||||||| 181 $ctxt 182 $cc 183 $acr 200 04$aDer Verfassungsstaat im Geflecht der internationalen Beziehungen. Gemeinden und Kreise vor den öffentlichen Aufgaben der Gegenwart $eBerichte und Diskussionen auf der Tagung der Vereinigung der Deutschen Staatsrechtslehrer in Basel vom 5. bis 8. Oktober 1977 205 $aReprint 2012 210 $cDe Gruyter$d1978 210 1$aBerlin ;$aBoston :$cDe Gruyter,$d[2013] 210 4$d©1978 215 $a1 online resource (426 pages) 225 0 $aVeröffentlichungen der Vereinigung der Deutschen Staatsrechtslehrer ;$v36 300 $a"Berichte und Diskussionen auf der Tagung der Vereinigung der Deutschen Staatsrechtslehrer in Basel vom 5. bis 8. Oktober 1977." 311 08$aversion imprimée 9783110076974 311 08$a3110076977 320 $aIncludes bibliographical references. 327 $tFrontmatter --$tInhalt --$tJahrestagung 1977 --$tErster Beratungsgegenstand: Der Verfassungsstaat im Geflecht der internationalen Beziehungen --$t1. Bericht von Professor Dr. Christian Tomuschat --$t2. Mitbericht von Professor Dr. Reiner Schmidt --$t3. Aussprache und Schlußworte --$tZweiter Beratungsgegenstand: Gemeinden und Kreise vor den öffentlichen Aufgaben der Gegenwart --$t1. Bericht von Professor Dr. Willi Blümel --$t2. Mitbericht von Professor Dr. Rolf Grawert, Bochum --$t3. Aussprache und Schlußworte --$tVerzeichnis der Redner --$tVerzeichnis der Mitglieder der Vereinigung der Deutschen Staatsrechtslehrer --$tSatzung 330 $aKeine ausfu?hrliche Beschreibung fu?r "Der Verfassungsstaat im Geflecht der internationalen Beziehungen. Gemeinden und Kreise vor den o?ffentlichen Aufgaben der Gegenwart" verfu?gbar. 606 $aLocal government$zGermany (West)$vCongresses 606 $aInternational and municipal law$vCongresses 615 0$aLocal government 615 0$aInternational and municipal law 676 $a426 701 $aBlu?mel$b Willi$00 701 $aGrawert$b Rolf$0238932 701 $aSchmidt$b Reiner$0571790 701 $aTomuschat$b Christian$0231011 801 0$bDE-B1597 801 1$bDE-B1597 906 $aBOOK 912 $a9910261109703321 996 $aGemeinden und Kreise vor den öffentlichen Aufgaben der Gegenwart$91126163 997 $aUNINA